| 000 | 01404pam a2200361 a 4500 | ||
|---|---|---|---|
| 001 | 1370820 | ||
| 003 | OSt | ||
| 005 | 20140310181632.0 | ||
| 008 | 810721s1981 nyu b 001 0 eng | ||
| 010 | _a 81012804 | ||
| 020 | _a0120400030 | ||
| 020 | _a0120400235 (pbk.) | ||
| 040 |
_aDLC _cDLC _dDLC |
||
| 043 | _an-us--- | ||
| 050 | 0 | 0 |
_aHQ 1064 _b.F655 1981 |
| 082 | 0 | 0 |
_aTR 305.26 _bP47 1981 |
| 245 | 0 | 0 |
_aAging : _cedited by Robert W. Fogel ... [et al.] ; James G. March, editor-in-chief. _bstability and change in the family / |
| 260 |
_aNew York : _bAcademic Press, _c1981. |
||
| 300 |
_axx, 341 p. ; _c24 cm. |
||
| 500 | _aIncludes bibliographies and index | ||
| 520 | _a1. Aged--United States--Family relationship--Congresses 2. Aged--Government policy--United States--Congresses 3. Aged--Unites States--Sexual behavior--Congresses | ||
| 521 | _aFaculty | ||
| 541 | _j1 | ||
| 562 | _eFor circulation. One copy is available in the collection | ||
| 650 | 0 |
_aOlder people _xFamily relationships _zUnited States _vCongresses. |
|
| 650 | 0 |
_aOlder people _xGovernment policy _zUnited States _vCongresses. |
|
| 650 | 0 |
_aOlder people _xSexual behavior _zUnited States _vCongresses. |
|
| 700 | 1 | _aFogel, Robert William. | |
| 700 | 1 | _aMarch, James G. | |
| 740 | 0 | _aStability and change in the family. | |
| 906 |
_a7 _bcbc _corignew _d1 _eocip _f19 _gy-gencatlg |
||
| 942 |
_2lcc _cBK-TR _kTR |
||
| 999 |
_c551 _d551 |
||